000 00591nam a2200169Ia 4500
008 090711s9999 xx 000 0 und d
082 _b567
100 _aदेवधर ज्योत्स्ना
245 _aमूठभर माणुसकी
260 _bनवचैतन्य प्रकाशन
_c1998
300 _a168
600 _aदेवधर ज्योत्स्ना
630 _aमूठभर माणुसकी
700 _aदेवधर ज्योत्स्ना
730 _aमूठभर माणुसकी
942 _cBOOK
999 _c332965
_d332965